A straight up giant /

Bibliographic Details
Main Author: Waldron, Mark, 1960- (Author)
Format: Book
Language:English
Published: Hexham, UK : Bloodaxe Books Ltd, [2023].
Subjects:

MARC

Tag First Indicator Second Indicator Subfields
LEADER 00000cam a2200000 i 4500
001 in00004749821
003 OCoLC
005 20231027161403.9
008 220827t20232023enk 000 p eng d
035 |a (OCoLC)1342249322 
040 |a YDX  |e rda  |c YDX  |d COO  |d BDX 
020 |a 1780376693  |q (paperback) 
020 |a 9781780376691  |q (paperback) 
050 4 |a PR6123.A42  |b S78 2023 
082 0 |a 821.92  |2 23 
100 1 |a Waldron, Mark,  |d 1960-  |e author. 
245 1 2 |a A straight up giant /  |c Mark Waldron. 
264 1 |a Hexham, UK :  |b Bloodaxe Books Ltd,  |c [2023]. 
264 4 |c ©2023. 
300 |a 109 pages ;  |c 24 cm. 
336 |a text  |2 rdacontent 
337 |a unmediated  |2 rdamedia 
338 |a volume  |2 rdacarrier 
650 0 |a Poetry, Modern  |y 21st century. 
945 |b 850430 
947 |a A14852476366 
948 |a dmitchel 10/27/23 11.10.20 
980 |b print  |c 40031967676  |f NONFIC/B  |g 565714  |k USD  |m 14.36  |q 1  |s AcqMono Conventional  |t Approval plan  |u Vendor order reference number  |v ZYBP  |y Print approval  |z Physical resource 
999 f f |i 52a6756c-ca39-498a-b756-da3483d5f661  |s 52507624-291c-4b5a-90c5-fadf3fa6637c  |t 0 
952 f f |p normal  |a Texas A&M University  |b College Station  |c Sterling C. Evans Library  |d Evans: Library Stacks  |t 0  |e PR6123.A42 S78 2023  |h Library of Congress classification  |i unmediated -- volume  |m A14852476366 
998 f f |a PR6123.A42 S78 2023  |t 0  |l Evans: Library Stacks